000 00889nam a2200265Ia 4500
001 dia_2075
003 CHAP
005 20230412110230.0
008 220117s1967 xx 000 0 und d
010 _a172613
040 _cCHAP
082 _a636.084 D86 1967
100 _aDumonteil, M.
_934456
245 _aIntroducción a la tecnología de la fabricación de piensos /
_c M. Dumonteil ; traducción Antonio Pino Salgado
260 _aEspaña :
_b Acribia,
_c1967
300 _a140 p.
500 _aTítulo original: Tecnologie de la fabrication des aliments du rétail
650 _aAlimentos y alimentación de ganado
_9152194
650 _aFabricación de piensos
_9152195
700 _aPino Salgado, Antonio, tr.
_9152196
901 _a636.084 D86 1967
902 _aM
905 _a0000001967 sp adn 0000000000spa00
942 _cLIBRO
_2ddc
999 _c172613
_d172613